LEADER 01179naa a2200229 u 4500 001 000000095241 003 CaOOAMICUS 005 20070226130141.0 008 040617s1975 gw cf u000 u ger u 020 $a3777275190 035 $a11000796 040 $aIAR$bita 100 1 $aZimmermann, Harald,$d1926-$0(OLS)http://pul/name/2005 245 10$aValentin Ernst Löscher, das finstere Mittelalter und dessen Saeculum obscurum /$cHarald Zimmermann. 260 $aStuttgart :$bHiersemann,$c1975. 300 $aS. 259-278, ;$c26 cm 600 14$aLöscher, Valentin Ernst,$d1673-1749.$0(OLS)http://pul/subject/30341 773 0 $aGesellschaft - Kultur - Literatur : Rezeption und Originalität im Wachsen einer europäischen Literatur und Geistigkeit. 773 0 $tGesellschaft, Kultur, Literatur : Rezeption und Originalität im Wachsen einer europäischen Literatur und Geistigkeit: Beiträge Luitpold Wallach gewidmet$w()10631 996 $6020$a3777275190$9(OLS)http://pul/number/13657 996 $6245$aValentin Ernst Löscher, das finstere Mittelalter und dessen Saeculum obscurum$9(OLS)http://pul/title/122114 996 $6260$aStuttgart :$bHiersemann$9(OLS)http://pul/publisher/48047 LEADER 01217nam a2200301 a 4500 001 000000143637 003 CaOOAMICUS 005 20150527124458.0 008 150527s2003 it c u000 u ita r 020 $z8838239096* 040 $aPUL$bita 082 04$a321.8 100 1 $aPavan, Pietro,$ccard.,$d1903-1994.$0(OLS)http://pul/name/3121 245 13$aLa democrazia e le sue ragioni /$cPietro Pavan ; studio introduttivo di Mario Toso. 260 $aRoma :$bStudium,$c©2003. 300 $aX, 265 p. :$britr. ;$c21 cm 490 1 $aCoscienza studi ;$v36 650 4$aDemocrazia.$0(OLS)http://pul/subject/11947 700 0 $aToso, Mario.$0(OLS)http://pul/name/57528 830 0$aCoscienza.$pStudi ;$v36.$0(OLS)http://pul/title/9531 850 $aPUL 852 $aPUL$W1$xDP2 Diritto e Scienze Sociali 3$y110$m321. 8 PAVPI 1$j165723$qDDC 21$B166068$CPULBib$Z2$F166068 $H125920 $82 941 1 $a9 996 $6020$z8838239096*$9(OLS)http://pul/number/157670 996 $6082$a321.8$9(OLS)http://pul/classification/710 996 $6245$aLa democrazia e le sue ragioni$9(OLS)http://pul/title/11534 996 $6260$aRoma :$bStudium$9(OLS)http://pul/publisher/47892